Statistiques concernant Groupes de Pays #1

Cliquez ici pour prendre le quiz!

Statistiques générales

  • Ce quiz a été pris 136 fois
  • Le résultat moyen est 17 sur 29

Statistiques - réponses

HintRéponse% Correct
Conseil nordiqueSuède
96%
Forces de l'AxeAllemagne
95%
Conseil nordiqueNorvège
95%
Conseil nordiqueFinlande
94%
Conseil nordiqueDanemark
93%
Conseil nordiqueIslande
90%
ALBA (Alliance bolivarienne pour les peuples de notre Amérique)Bolivie
89%
Forces de l'AxeItalie
85%
Auld AllianceFrance
79%
Forces de l'AxeJapon
79%
Digital 5Estonie
74%
ALBA (Alliance bolivarienne pour les peuples de notre Amérique)Venezuela
71%
ALBA (Alliance bolivarienne pour les peuples de notre Amérique)Équateur
69%
Digital 5Royaume-Uni
68%
ALBA (Alliance bolivarienne pour les peuples de notre Amérique)Cuba
62%
ALBA (Alliance bolivarienne pour les peuples de notre Amérique)Sainte-Lucie
46%
ALBA (Alliance bolivarienne pour les peuples de notre Amérique)Dominique
45%
ALBA (Alliance bolivarienne pour les peuples de notre Amérique)Nicaragua
45%
ALBA (Alliance bolivarienne pour les peuples de notre Amérique)Antigua-et-Barbuda
42%
ALBA (Alliance bolivarienne pour les peuples de notre Amérique)Saint-Vincent-et-les Grenadines
41%
ALBA (Alliance bolivarienne pour les peuples de notre Amérique)Saint-Christophe-et-Niévès
39%
ALBA (Alliance bolivarienne pour les peuples de notre Amérique)Grenade
38%
Auld AllianceÉcosse
34%
Digital 5Corée du Sud
27%
Conseil nordiqueGroenland
26%
Conseil nordiqueÎles Féroé
24%
Digital 5Nouvelle-Zélande
14%
Digital 5Israël
9%
Conseil nordiqueÎles Åland
7%

Distribution des résultats

Percentile par nombre de réponses

% des personnes avec chaque résultat

Votre développement - résultats

Vous n’avez pas pris ce quiz